000 01057cam a22003617 4500
001 a47271
003 DO-SdBNP
005 20240725112427.0
007 a47271
008 100414s2uu dr | 000 1 spa
015 _a
017 _a
_b
020 _a9789945120745
035 _a
040 _aBPMSU
_bspa
_cBPMSU
_e
080 _a
082 4 _a920.72
_bF828d
_222
100 1 _aFrank, Ana
_d1929-1945
245 1 3 _aEl diario de Ana Frank /
_cAna Frank
_h
250 _a
260 _aSanto Domingo :
_bSusaeta Editora,
_c[200-?]
300 _a27p. :
_bil. ;
_c23 cm
490 0 _aBiblioteca Susaeta
_a
534 _pTítulo original :
_tThe diary of Anne Frank
590 _aInventariado, 2024/VM
600 1 4 _aFrank, Anne
_d1929-1945
_xAutobiografías
_t
_2
650 4 _aDiarios alemanes
650 4 _aPersecuciones a los judíos
_vRelatos personales
650 4 _aHolocausto judío
_y1939-1945
_vRelatos personales
650 4 _aGuerra Mundial II
_y1939-1945
910 _aVMateo V. Control de calidad. BPMSU
942 _2ddc
_cBK
999 _c14755
_d14755